Manshiat aor en ka sad e bab ulma kee zimdarian (part I) (Record no. 541252)
[ view plain ]
| 000 -LEADER | |
|---|---|
| fixed length control field | 00338nam a22001217a 4500 |
| 003 - CONTROL NUMBER IDENTIFIER | |
| control field | NUST |
| 038 ## - RECORD CONTENT LICENSOR | |
| Staff Name | Shaban |
| 082 ## - DEWEY DECIMAL CLASSIFICATION NUMBER | |
| Classification number | 616.86 |
| Author Mark | MHE |
| 100 ## - MAIN ENTRY--PERSONAL NAME | |
| Personal name | Mher,Amir ud Din |
| 9 (RLIN) | 35650 |
| 245 ## - TITLE STATEMENT | |
| Title | Manshiat aor en ka sad e bab ulma kee zimdarian (part I) |
| Statement of responsibility, etc. | Molana Amir Ud Din Mher |
| 260 ## - PUBLICATION, DISTRIBUTION, ETC. | |
| Place of publication, distribution, etc. | Islamabad : |
| Name of publisher, distributor, etc. | Dawah Academy, |
| Date of publication, distribution, etc. | 1995. |
| 942 ## - ADDED ENTRY ELEMENTS (KOHA) | |
| Source of classification or shelving scheme | |
| Koha item type | Book |
| Withdrawn status | Lost status | Source of classification or shelving scheme | Damaged status | Not for loan | Permanent Location | Current Location | Date acquired | Total Checkouts | Full call number | Barcode | Date last seen | Price effective from | Koha item type |
|---|---|---|---|---|---|---|---|---|---|---|---|---|---|
| Central Library (CL) | Central Library (CL) | 02/09/2021 | 616.86 MHE | CL-D-101 | 02/09/2021 | 02/09/2021 | Book |
